GLEE CHARACTERS Quiz Stats

 Plays Quiz not verified by Sporcle

Score 0/11 Timer 04:00
1 Play Today
name people % Correct
Cory MonteithFinn Hudson
85.4%
Chris ColferKurt Hummel
76.6%
Dianna AgronQuinn Fabray
73%
Amber RileyMercedes Jones
71.6%
Jane LynchSue Sylvester
71.3%
Lea Michelle Rachel Berry
71.2%
Matthew MorrisonWill Schuester
62.4%
Jayma MaysEmma Pillsbury
59.8%
Kevin McHaleArtie Abrams
56.6%
Mark SallingNoah Puckerman
39.6%
Jessalyn GilsigTerri
32.3%

You're not logged in!

Compare scores with friends on all Sporcle quizzes.
OR
Log In

You Might Also Like...

Show Comments

Extras

Created Jan 25, 2010SourceReportNominate
Tags:Show Quiz, character, glee

Top Quizzes Today


Score Distribution

Your Account Isn't Verified!

In order to create a playlist on Sporcle, you need to verify the email address you used during registration. Go to your Sporcle Settings to finish the process.

Report this User

Report this user for behavior that violates our Community Guidelines.

Details: